La concertación social
La situación de Costa Rica, se presenta sumamente difícil, dada una serie de tensiones y conflictos sociales suscitados a partir de 1973, provocando el inicio de la crisis en la sociedad costarricense ante: la deuda externa, asfixia fiscal, estanciamiento económico, problemas agrarios, empobrecimien...
Gorde:
| Egile nagusia: | |
|---|---|
| Formatua: | Texto |
| Argitaratua: |
San José:
Confederación Nacional de Trabajadores. UNA. Instituto de Estudios del Trabajo
|
| Gaiak: | |
| Etiketak: |
Etiketa erantsi
Etiketarik gabe, Izan zaitez lehena erregistro honi etiketa jartzen!
|
MARC
| LEADER | 00000 a a2200000 04500 | ||
|---|---|---|---|
| 001 | 12465 | ||
| 003 | |||
| 040 | |||
| 090 | |a 018800 | ||
| 100 | |a Morales Hernández, Francisco | ||
| 245 | |a La concertación social | ||
| 260 | |a San José: |b Confederación Nacional de Trabajadores. UNA. Instituto de Estudios del Trabajo | ||
| 300 | |a 8 p. | ||
| 520 | |a La situación de Costa Rica, se presenta sumamente difícil, dada una serie de tensiones y conflictos sociales suscitados a partir de 1973, provocando el inicio de la crisis en la sociedad costarricense ante: la deuda externa, asfixia fiscal, estanciamiento económico, problemas agrarios, empobrecimiento de los sectores medios profesionales burocráticos, así como la disminución de ingresos en los sectores populares, cuyos miembros tienden a atentar contra un desarrollo pacífico, como forma de protesta ante el alto costo de la vida. OB/EL | ||
| 650 | |a ARREGLO DE CONTROVERSIAS | ||
| 650 | |a RECESION ECONOMICA | ||
| 650 | |a PROBLEMAS SOCIALES | ||
| 650 | |a MODELOS DE CRECIMIENTO | ||
| 650 | |a DEUDA EXTERNA | ||
| 650 | |a DEFICIT FISCAL | ||
| 650 | |a TIERRA | ||
| 650 | |a VIVIENDA | ||
| 650 | |a SECTOR PUBLICO | ||
| 650 | |a SECTORES POPULARES | ||
| 999 | |c 13373 |d 13373 | ||
